000 00203nam a22000857a 4500
999 _c11305
_d11305
008 190207b ||||| |||| 00| 0 eng d
100 _aRandhawa,K.S.
_97047
245 _aSocial Studies-X
260 _aNew Delhi